000 00881nam a2200277 a 4500
001 BRL_659
005 20190320210835.0
008 230913s1988----mx-d######---#000-0#spa-#
020 _a9684271549
041 _aspa
044 _amx
050 4 _aJL1297
_b.R33 1988
245 1 0 _aRadiografía del Fraude
_banálisis de los datos oficiales del 6 de julio
_cJosé Barberán...[et al.]
260 _aMéxico
_bEditorial Nuestro Tiempo
_c1988
300 _a153 p.
_bil., gráficas
_c19 cm.
440 0 _aColección Los Grandes problemas nacionales
_924554
500 _aAu744
650 1 4 _aElecciones
_xEstadísticas
_zMéxico
_924555
650 1 4 _aPresidentes
_zMéxico
_924556
700 1 _aBarberán, José
_924557
700 1 _aCárdenas, Cuauhtémoc
_924558
700 1 _aLópez Monjardin, Adriana
_924559
700 1 _aZavala, Jorge
_924560
902 _aGRL
942 _2lcc
_cB
999 _c9471
_d9471